Tragickosť a iracionálna krutosť líbyjskej vojny
Revolučné udalosti v Líbyi. Zapojenie Francúzska a Nemecka do líbyjskej vojny. Duch NATO nad Európskou úniou. Dva okruhy veľkých problémov. Rezolúcia OSN. Postoj Ruska a Číny. Trestná výprava na koloniálny spôsob.
Salvato in:
| Autore principale: | |
|---|---|
| Natura: | Capitolo di libro |
| Lingua: | slovacco |
| Soggetti: | |
| Tags: |
Nessun Tag, puoi essere il primo ad aggiungerne!!
|
MARC
| LEADER | 00000nla$a2200000$$$4500 | ||
|---|---|---|---|
| 001 | 0129238 | ||
| 005 | 20240502072501.6 | ||
| 041 | 0 | |a slo | |
| 044 | |a SK | ||
| 245 | 1 | 0 | |a Tragickosť a iracionálna krutosť líbyjskej vojny |c František Škvrnda |
| 520 | |a Revolučné udalosti v Líbyi. Zapojenie Francúzska a Nemecka do líbyjskej vojny. Duch NATO nad Európskou úniou. Dva okruhy veľkých problémov. Rezolúcia OSN. Postoj Ruska a Číny. Trestná výprava na koloniálny spôsob. | ||
| 610 | 2 | 0 | |a vojny |
| 610 | 2 | 0 | |a konflikty |
| 610 | 2 | 0 | |a sily ozbrojené |
| 610 | 2 | 0 | |a politika medzinárodná |
| 610 | 2 | 0 | |a bezpečnosť |
| 610 | 2 | 0 | |a organizácie medzinárodné |
| 610 | 2 | 0 | |a Líbya |
| 100 | 1 | |a Škvrnda, František | |